| 000 | 00601nam a2200193 i 4500 | ||
|---|---|---|---|
| 001 | 186020 | ||
| 003 | ES-MaACL | ||
| 005 | 20230906222551.0 | ||
| 008 | 160905s1971 sp |||| | spa d | ||
| 100 | 1 |
_aLucena, Carmen. _9160703 |
|
| 245 | 1 | 1 |
_a¿Pecado y plenitud humana? / _cCarmen Lucena. |
| 260 |
_aMadrid : _bEl Perpetuo Socorro, _c1971. |
||
| 300 |
_a32 p. ; _c22 cm. |
||
| 490 | 1 |
_aLibros de Teología y Práctica Pastoral ; _v9 |
|
| 650 | 4 |
_aPecado. _9158813 |
|
| 830 | 0 |
_aLibros de Teología y Práctica Pastoral ; _v9 _9183305 |
|
| 852 |
_aES-MaACL _jE-4369 |
||
| 999 |
_c186020 _d186020 |
||